<?xml version="1.0" encoding="UTF-8"?><?xml-stylesheet type="text/xsl" href="static/style.xsl"?><OAI-PMH xmlns="http://www.openarchives.org/OAI/2.0/" xmlns:xsi="http://www.w3.org/2001/XMLSchema-instance" xsi:schemaLocation="http://www.openarchives.org/OAI/2.0/ http://www.openarchives.org/OAI/2.0/OAI-PMH.xsd"><responseDate>2026-04-17T17:17:27Z</responseDate><request verb="GetRecord" identifier="oai:riubu.ubu.es:10259/10833" metadataPrefix="marc">https://riubu.ubu.es/oai/request</request><GetRecord><record><header><identifier>oai:riubu.ubu.es:10259/10833</identifier><datestamp>2025-09-04T22:13:49Z</datestamp><setSpec>com_10259_2699</setSpec><setSpec>col_10259_2703</setSpec></header><metadata><record xmlns="http://www.loc.gov/MARC21/slim" xmlns:doc="http://www.lyncode.com/xoai" xmlns:xsi="http://www.w3.org/2001/XMLSchema-instance" xmlns:dcterms="http://purl.org/dc/terms/" xsi:schemaLocation="http://www.loc.gov/MARC21/slim http://www.loc.gov/standards/marcxml/schema/MARC21slim.xsd">
<leader>00925njm 22002777a 4500</leader>
<datafield tag="042" ind1=" " ind2=" ">
<subfield code="a">dc</subfield>
</datafield>
<datafield tag="720" ind1=" " ind2=" ">
<subfield code="a">Della Corte, Bianca</subfield>
<subfield code="e">author</subfield>
</datafield>
<datafield tag="260" ind1=" " ind2=" ">
<subfield code="c">2025</subfield>
</datafield>
<datafield tag="520" ind1=" " ind2=" ">
<subfield code="a">Son varias las causas que inciden en el desarrollo del fenómeno bullying. A partir de los&#xd;
principales factores involucrados en el mismo, se analiza la situación sobre el acoso escolar en&#xd;
la región de Campania (Italia), para detectar los cambios que se han producido desde el año&#xd;
2009, último estudio realizado por el profesor Bacchini y su equipo (2009).&#xd;
Se utilizó una metodología transversal, no probabilística. Los datos se recolectaron a través de&#xd;
la administración de un cuestionario en línea, se utilizaron estadísticos descriptivos e&#xd;
inferenciales y fueron analizados con el programa estadístico SPSS 25. La muestra quedó&#xd;
constituida por 1.516 estudiantes de entre 13 y 18 años.&#xd;
Los resultados del estudio revelan la presencia de acoso escolar en las escuelas examinadas&#xd;
(23,8%). Los datos denotan la presencia de una cultura particularmente "tolerante" frente a los&#xd;
actos de acoso que se prefiere no denunciar para evitar represalias, en línea con el estudio&#xd;
anterior.&#xd;
Las nuevas formas de acoso, identificadas en el ciberacoso y el acoso homófobo, van&#xd;
sustituyendo, a las modalidades de acoso tradicionales, sin embargo, ha descendido&#xd;
notablemente el porcentaje del acoso homofóbico de nuestro estudio (7,2%), en comparación&#xd;
con el del año 2009 (18%) y se han igualado las diferencias por sexos.&#xd;
Se concluye la necesidad de atajar el fenómeno insistiendo en la importancia de la información,&#xd;
la prevención, una mayor colaboración entre la familia y la escuela. Los datos también ponen de&#xd;
manifiesto la necesidad de una mayor formación de los docentes para implementar acciones&#xd;
más efectivas para prevenir y combatir el fenómeno.&#xd;
Palabras clave: bullying, ciberacoso, acoso homofóbi</subfield>
</datafield>
<datafield tag="024" ind2=" " ind1="8">
<subfield code="a">https://hdl.handle.net/10259/10833</subfield>
</datafield>
<datafield tag="024" ind2=" " ind1="8">
<subfield code="a">10.36443/10259/10833</subfield>
</datafield>
<datafield ind1=" " ind2=" " tag="653">
<subfield code="a">Bullying</subfield>
</datafield>
<datafield ind1=" " ind2=" " tag="653">
<subfield code="a">Ciberacoso</subfield>
</datafield>
<datafield ind1=" " ind2=" " tag="653">
<subfield code="a">Acoso homofóbico</subfield>
</datafield>
<datafield ind1=" " ind2=" " tag="653">
<subfield code="a">Agresiones</subfield>
</datafield>
<datafield ind1=" " ind2=" " tag="653">
<subfield code="a">Escuela</subfield>
</datafield>
<datafield ind1=" " ind2=" " tag="653">
<subfield code="a">Cyberbullying</subfield>
</datafield>
<datafield ind1=" " ind2=" " tag="653">
<subfield code="a">Homophobic bullying</subfield>
</datafield>
<datafield ind1=" " ind2=" " tag="653">
<subfield code="a">Aggressions</subfield>
</datafield>
<datafield ind1=" " ind2=" " tag="653">
<subfield code="a">School</subfield>
</datafield>
<datafield tag="245" ind1="0" ind2="0">
<subfield code="a">Bullismo e ambiente sociale nella Regione Campania (Italy). Prevenzione e contromisure come misure efficaci</subfield>
</datafield>
</record></metadata></record></GetRecord></OAI-PMH>